| 000 | 00522nam a2200181 i 4500 | ||
|---|---|---|---|
| 001 | 24889 | ||
| 003 | ES-MaACL | ||
| 007 | t| | ||
| 008 | 021219s1953 sp ||||1| spa d | ||
| 245 | 0 | 0 |
_aAntología poética del mar / _cselección y prólogo de Ramón Sangenís. |
| 260 |
_aBarcelona : _bFama, _c1953. |
||
| 300 |
_a119 p. ; _c16 cm. |
||
| 490 | 1 | _aSerie poética Fama | |
| 700 | 1 |
_aSangenis, Ramón. _9180943 |
|
| 830 | 0 |
_aSerie poética Fama _9180944 |
|
| 852 |
_aES-MaACL _jC-8537 _bR.35589 |
||
| 999 |
_c24889 _d24889 |
||